=LDR 00000nam 2200000 4500 =001 INLIS000000000044633 =005 20170109091322.0 =006 =007 =008 Ind =035 ##$$0010-101300000002555 =041 ##$$a Ind =082 ##$$a 796 =090 ##$$a 796 , Won b =100 ##$$a Wongso, Andrie =245 ##$$a Bruce Lee , 40 spirit of success , Andrie wongso =260 ##$$a 2011 $b Mataram =300 ##$$a 151 hal. , 18 cm =850 ##$$a NBPNMAT =990 ##$$a 21195899/BPAP-NTB/2014 =990 ##$$a 0001/BPAP-NTB/20142014 =990 ##$$a 0001/BPAP-NTB/2015 =990 ##$$a 0001/BPAP-NTB/2016